KOHA-Header-6

جاگیرداری (Record no. 13691)

000 -LEADER
fixed length control field 00376nam a22001337a 4500
082 ## - DEWEY DECIMAL CLASSIFICATION NUMBER
Classification number 954.90
Item number م ب ا
100 ## - MAIN ENTRY--AUTHOR NAME
Personal name مبارک علی، ڈاکٹر
245 ## - TITLE STATEMENT
Title جاگیرداری
250 ## - EDITION STATEMENT
Edition statement اضافہ شدہ ایڈیشن
260 ## - PUBLICATION, DISTRIBUTION, ETC. (IMPRINT)
Place of publication فکشن ہاؤس
Name of publisher لاہور
Year of publication ١٩٩٦
300 ## - PHYSICAL DESCRIPTION
Number of Pages ٢٦٠ صفحات
650 ## - SUBJECT ADDED ENTRY--TOPICAL TERM
Topical Term Jageer dari , Mubarak Ali
942 ## - ADDED ENTRY ELEMENTS (KOHA)
Koha item type Books
Holdings
Withdrawn status Lost status Collection code Permanent Location Current Location Shelving location Date acquired Full call number Accession Number Koha item type
    Urdu Literature MAJU MAJU Shelf No.A12 2023-01-19 954.90 م ب ا 10780 Books

Powered by Koha